| 000 | 01197nam0a22003251 4500 | ||
|---|---|---|---|
| 001 | v19\rc\1640578 | ||
| 005 | 20061002124727.3 | ||
| 035 | _a(NLR Aleph) 004753933 | ||
| 090 |
_a4550381 _c4550381 |
||
| 100 | _a20061002e18741875|||y0rusy50 ca | ||
| 101 | 0 | _arus | |
| 102 | _aRU | ||
| 105 | _aa z ||||| | ||
| 200 | 1 |
_aСлучай блуждающей печени _f[Соч.] Д-ра В. Сутугина _g(Из Жен. больн[ицы] Св.-Троиц. общины сестер милосердия) |
|
| 210 |
_a[Санкт-Петербург] _cтип. Я. Трея _dценз. 1874 |
||
| 215 |
_a8 с., 1 л. табл. _d20 |
||
| 309 | _aБез тит. л. и обл. | ||
| 311 | _aИз "Мед. вестн." 1875 г., № 28 | ||
| 320 | _aБиблиогр. в примеч. | ||
| 488 | 0 | _12001#$aМедицинский вестник$v1875, № 28 | |
| 700 | 1 |
_aСутугин _bВ. В. _f1839-1900 _gВасилий Васильевич |
|
| 801 | 0 |
_aRU _bNLR _gpsbo |
|
| 801 | 0 |
_aRU _bRuMoRGB _2psbo |
|
| 801 | 1 |
_aRU _bProSoft-M _2rusmarc |
|
| 852 |
_aNLR _j18.101.7.69 |
||
| 899 |
_aRuMoRGB _jR 58/376 |
||
| 899 |
_aRuMoRGB _jO 43/483 |
||
| 899 | _aБАН | ||
| 942 | _cBOOK | ||
| 980 | _aNB | ||